Transregional trade and traders : (Record no. 165647)

MARC details
000 -LEADER
fixed length control field 00741nam a22002057a 4500
005 - DATE AND TIME OF LATEST TRANSACTION
control field 20190626111512.0
010 ## - LCCN (DPL NO)
LC control number ENG-125765
020 ## - INTERNATIONAL STANDARD BOOK NUMBER
International Standard Book Number 9780199490684
Terms of availability 1395.00
035 ## - SYSTEM CONTROL NUMBER
System control number EN-109297
037 ## - SOURCE OF ACQUISITION
Source of stock number/acquisition DBAD/PUB
082 ## - DEWEY DECIMAL CLASSIFICATION NUMBER
Classification number 381.954
245 ## - TITLE STATEMENT
Title Transregional trade and traders :
Statement of responsibility, etc ed.by Edward A. Alpers [and] Chhaya Goswami
Remainder of title situating Gujrat in the Indian ocean from early times to 1900 /
260 ## - PUBLICATION, DISTRIBUTION, ETC. (IMPRINT)
Place of publication, distribution, etc New Delhi
Name of publisher, distributor, etc Oxford University Press
Date of publication, distribution, etc 2019
270 ## - ADDRESS
Address 2/11 Ground Floor, Ansari Road
City Daryaganj, Delhi
Postal code 110002
300 ## - PHYSICAL DESCRIPTION
Extent viii, 397
Dimensions 22cm(Hb)
500 ## - GENERAL NOTE
General note Includes bibliographical references and index
700 ## - ADDED ENTRY--PERSONAL NAME
Personal name Alpers, Edward A.
700 ## - ADDED ENTRY--PERSONAL NAME
Personal name Goswami, Chhaya
942 ## - ADDED ENTRY ELEMENTS (KOHA)
Source of classification or shelving scheme Dewey Decimal Classification
Item type English Books
Classification part 381.954
Call number suffix TRA
Holdings
Withdrawn status Lost status Not for loan Collection code Home library Current library Date acquired Source of acquisition Cost, normal purchase price Full call number Barcode Copy number Cost, replacement price Koha item type
      Non-fiction Central Library Central Library 26/06/2019 DBAD/PUB 1395.00 381.954 TRA EN-109297 1 1395.00 English Books

© Delhi Public Library
Hit Counter
free hit counter